[Event "Catalunya-chT Gp2"]
[Site "Barcelona"]
[Date "2022.03.12"]
[Round "8.6"]
[White "Jovancevic, Jovan"]
[Black "Ghenghiu, Alex"]
[Result "1-0"]
[WhiteElo "2136"]
[BlackElo "1902"]
[PlyCount "61"]
[EventDate "2022.01.22"]
[EventType "team-tourn"]
[EventRounds "9"]
[EventCountry "ESP"]
[SourceTitle "CBM 208 Extra"]
[Source "ChessBase"]
[SourceDate "2022.07.31"]
[SourceVersion "1"]
[SourceVersionDate "2022.07.31"]
[SourceQuality "1"]
[WhiteTeam "Tres Peons"]
[BlackTeam "Lleida"]
[WhiteTeamCountry "ESP"]
[BlackTeamCountry "ESP"]

1. d4 d5 2. c4 c6 3. Nc3 Nf6 4. e3 e6 5. Nf3 Bd6 6. Be2 0-0 7. 0-0 Nbd7 8. b3 b6 9. Bb2 Bb7 10. Bd3 c5 11. cxd5 exd5 12. Rc1 Rc8 13. Ne2 c4 14. bxc4 dxc4 15. Bxc4 Bxf3 16. gxf3 Nh5 17. Ng3 Qh4 18. Kg2 Rce8 19. f4 Bxf4 20. exf4 Nxf4+ 21. Kh1 Nf6 22. f3 Qh3 23. Rg1 Re3 24. Rc3 Rxc3 25. Bxc3 Rc8 26. Qb3 h5 27. Bxf7+ Kh8 28. Bd2 Qh4 29. Nf5 Qf2 30. Bxf4 Rc2 31. Qe3 1-0

[Event "Catalunya-chT Gp2"]
[Site "Barcelona"]
[Date "2022.02.19"]
[Round "5.7"]
[White "Ghenghiu, Alex"]
[Black "Luna Cortes, Luis"]
[Result "1/2-1/2"]
[WhiteElo "1902"]
[BlackElo "2203"]
[PlyCount "112"]
[EventDate "2022.01.22"]
[EventType "team-tourn"]
[EventRounds "9"]
[EventCountry "ESP"]
[SourceTitle "CBM 208 Extra"]
[Source "ChessBase"]
[SourceDate "2022.07.31"]
[SourceVersion "1"]
[SourceVersionDate "2022.07.31"]
[SourceQuality "1"]
[WhiteTeam "Lleida"]
[BlackTeam "Platja D'Aro"]
[WhiteTeamCountry "ESP"]
[BlackTeamCountry "ESP"]

1. d4 d5 2. Nf3 Nf6 3. c4 e6 4. Nc3 Be7 5. e3 0-0 6. Be2 b6 7. cxd5 exd5 8. 0-0 c5 9. Ne5 Bb7 10. Bf3 Nbd7 11. Qa4 Nb8 12. Rd1 Bd6 13. Nb5 a6 14. Nxd6 Qxd6 15. Bd2 Rc8 16. Bc3 c4 17. Bb4 Qe6 18. Rac1 Nc6 19. Bc3 b5 20. Qa3 a5 21. Nxc6 Rxc6 22. b4 axb4 23. Qxb4 Rb6 24. a3 Ne4 25. Be1 Ra4 26. Qb2 Nd6 27. Bb4 Bc6 28. Bc5 Rb8 29. Re1 Nb7 30. Bb4 Rd8 31. Rc2 f5 32. Rce2 Raa8 33. g3 Nd6 34. Bg2 Ne8 35. Qc2 Nf6 36. h4 Bd7 37. Rd2 Be8 38. Qd1 Bh5 39. Bf3 Bxf3 40. Qxf3 Ne4 41. Rc2 h6 42. Qf4 Qa6 43. Qc7 Ra7 44. Qe5 Qc8 45. Kg2 Re8 46. Qf4 Ra6 47. Rb2 Rg6 48. Reb1 Rg4 49. Qf3 c3 50. Rc2 Nd2 51. Rxd2 cxd2 52. Bxd2 Rd8 53. Bb4 Re8 54. Bc5 Ree4 55. Qd1 Re8 56. Qb3 Rd8 1/2-1/2

[Event "Catalunya-chT Gp1"]
[Site "Barcelona"]
[Date "2019.02.23"]
[Round "6.10"]
[White "Colls Gelaberto, Emilio"]
[Black "Ghenghiu, Alex"]
[Result "1-0"]
[WhiteElo "2086"]
[BlackElo "1894"]
[PlyCount "114"]
[EventDate "2019.01.19"]
[EventType "team-tourn"]
[EventRounds "7"]
[EventCountry "ESP"]
[SourceTitle "CBM 189 Extra"]
[Source "ChessBase"]
[SourceDate "2019.06.03"]
[SourceVersion "1"]
[SourceVersionDate "2019.06.03"]
[SourceQuality "1"]
[WhiteTeam "Figueres"]
[BlackTeam "Lleida"]
[WhiteTeamCountry "ESP"]
[BlackTeamCountry "ESP"]

1. d4 Nf6 2. c4 c6 3. Nc3 g6 4. Bf4 Bg7 5. Nf3 0-0 6. e3 d5 7. h3 Nbd7 8. Be2 a6 9. a4 Qa5 10. 0-0 Nb6 11. c5 Nbd7 12. Qd2 Re8 13. b4 Qd8 14. b5 Ne4 15. Nxe4 dxe4 16. Ng5 axb5 17. axb5 Rxa1 18. Rxa1 Nxc5 19. Qc2 Nd3 20. Bxd3 exd3 21. Qxd3 e5 22. Qc4 exf4 23. Qxf7+ Kh8 24. bxc6 Rf8 25. cxb7 Bxb7 26. Ne6 Qf6 27. Qxf6 Rxf6 28. Nxf4 Rb6 29. Rc1 Bh6 30. Nd3 Rb3 31. Nc5 Rb2 32. Nxb7 Rxb7 33. g4 Kg7 34. Kg2 Kf7 35. Rc6 Bg7 36. g5 Rd7 37. Kg3 Bh8 38. Kf3 Bg7 39. Ke4 Re7+ 40. Kd3 Rd7 41. Rc4 h6 42. h4 Ke6 43. e4 Ra7 44. Rc6+ Kf7 45. gxh6 Bxh6 46. h5 Ra3+ 47. Ke2 Ra2+ 48. Kf3 Ra3+ 49. Kg2 Rd3 50. d5 Rd2 51. hxg6+ Kg7 52. Kg3 Bg5 53. f4 Bf6 54. Kg4 Rg2+ 55. Kf5 Rxg6 56. e5 Rh6 57. Rxf6 Rh1 1-0

[Event "Lleida-ch"]
[Site "Almenar"]
[Date "2018.10.21"]
[Round "3"]
[White "Torrelles Hornos, Robert"]
[Black "Ghenghiu, Alex"]
[Result "0-1"]
[WhiteElo "1793"]
[BlackElo "1857"]
[PlyCount "72"]
[EventDate "2018.09.30"]
[EventType "swiss"]
[EventRounds "9"]
[EventCountry "ESP"]
[SourceTitle "CBM 187 Extra"]
[Source "ChessBase"]
[SourceDate "2018.11.04"]
[SourceVersion "1"]
[SourceVersionDate "2018.11.04"]
[SourceQuality "1"]

1. b4 d5 2. Bb2 Nf6 3. e3 Bf5 4. c4 e6 5. a3 c6 6. Nf3 Bd6 7. c5 Bc7 8. b5 Qe7 9. Bxf6 Qxf6 10. d4 0-0 11. Qa4 Re8 12. b6 Bd8 13. Ne5 a6 14. Nd2 Qh6 15. g4 f6 16. Nxc6 Nxc6 17. gxf5 exf5 18. Bd3 Qh5 19. Be2 Qf7 20. 0-0-0 f4 21. e4 Kh8 22. Bf3 dxe4 23. Nxe4 Be7 24. Nc3 Rac8 25. Nd5 Red8 26. Nc7 Qa2 27. Bxc6 bxc6 28. Qxa6 Qa1+ 29. Kc2 Qa2+ 30. Kc3 Qxf2 31. Qd3 Bxc5 32. b7 Rxc7 33. dxc5 Rxd3+ 34. Rxd3 Qxc5+ 35. Kd2 Qa5+ 36. Kc2 Rxb7 0-1

[Event "Vallfogona Hostal Nou op"]
[Site "Vallfogona de Balaguer"]
[Date "2014.04.26"]
[Round "1"]
[White "Badia Mas, Jordi"]
[Black "Ghenghiu, Alex"]
[Result "1-0"]
[WhiteElo "2147"]
[BlackElo "1785"]
[PlyCount "85"]
[EventDate "2014.04.26"]
[EventType "swiss"]
[EventRounds "8"]
[EventCountry "ESP"]
[SourceTitle "EXT 2015"]
[Source "ChessBase"]
[SourceDate "2014.11.20"]
[SourceVersion "1"]
[SourceVersionDate "2014.11.20"]
[SourceQuality "1"]

1. c4 Nf6 2. g3 g6 3. Bg2 Bg7 4. Nf3 0-0 5. 0-0 c6 6. Nc3 d5 7. d4 Ne4 8. cxd5 Nxc3 9. bxc3 cxd5 10. Qb3 Nc6 11. Nd2 e6 12. Ba3 Re8 13. e4 Na5 14. Qc2 Nc4 15. Nxc4 dxc4 16. Qa4 Bd7 17. Qxc4 Rc8 18. Qb3 Qc7 19. Rac1 b5 20. Rfe1 Bf8 21. Bxf8 Kxf8 22. Bf1 Qa5 23. Qb4+ Qxb4 24. cxb4 a6 25. Rc5 Ke7 26. Rec1 Rxc5 27. Rxc5 Rc8 28. Rxc8 Bxc8 29. f3 Kd6 30. Kf2 f5 31. Ke3 g5 32. Bd3 h5 33. Bc2 Bd7 34. Bb3 Bc8 35. Kf2 Bb7 36. Bc2 Bc8 37. Bb3 Bb7 38. Ke3 Bc6 39. a3 Bb7 40. h4 g4 41. exf5 exf5 42. fxg4 hxg4 43. Kf4 1-0